LIBRARY & INFORMATION CENTRE, KCAET, TAVANUR

ONLINE PUBLIC ACCESS CATALOGUE (OPAC)

Text book of Water supply and sanitary Engineering / (Record no. 3192)

MARC details
000 -LEADER
fixed length control field 00462cam a2200181ua 4500
041 ## - LANGUAGE CODE
Language code of text/sound track or separate title eng
082 ## - DEWEY DECIMAL CLASSIFICATION NUMBER
Classification number 628
Item number HUS/TE
100 ## - MAIN ENTRY--AUTHOR NAME
Personal name Husain, S K.
245 ## - TITLE STATEMENT
Title Text book of Water supply and sanitary Engineering /
250 ## - EDITION STATEMENT
Edition statement 2 /
260 ## - PUBLICATION, DISTRIBUTION, ETC. (IMPRINT)
Place of publication :
Name of publisher Oxford & IBH Publishing company ,
Year of publication 1990.
300 ## - PHYSICAL DESCRIPTION
Number of Pages 884 ; .
942 ## - ADDED ENTRY ELEMENTS (KOHA)
Koha item type Books
Holdings
Withdrawn status Lost status Damaged status Home library Current library Date acquired Full call number Accession Number Koha item type
      KAUAET KAUAET 07/04/2012 628 18598 Books
      KAUAET KAUAET 20/08/1986 628 15437 Books
      KAUAET KAUAET 07/04/2012 628 16748 Books
free website counter